00408nam a2200157Ia 4500003000400000005001700004008004100021040000700062041000800069082002200077100002000099245006800119260003900187300001000226365001400236OSt20230413142951.0210423s2009 xx 000 0 und d cAL aeng a616.89 223bBOUJ aBOUCHER (Jill). aAutistic spectrum: characteristics causes and practical issues. aNew DelhibSage Publicationsc2009 ax,412 b2111cINR